LEADER 01769nam a2200289 4500 001 000000340675 003 CaOOAMICUS 005 20200618172031.0 008 200618s1603 it 000 u ita r 026 $ao.3. o.il s.e. MiIe (3) 1603 (A) 040 $aSeMil$bita 110 21$aCompagnia del SS. Nome di Dio in S. Ambrogio .$0(OLS)http://semarc/name/111557 245 00$aOfficio, capitoli, et indulgenze della Compagnia del Santissimo Nome di Dio, ordinata per il R. P. Paolino da Luca, dell'Ordine de Predicatori, con l'aggiunta d'una operetta contro il vizio della bestemmia, maleditione, spergiuro, ...Di nuovo ristampata ad istanza de' fratelli ... eretta nella Chiesa di Santo Ambrosio del loco di Merate ... 264 1$aIn Milano :$bAppresso Giacomo Maria Meda,$c1603. 300 $a64 p. ;$c8° 500 $aIniz. xilogr. 500 $aVignetta xilogr. sul front. 500 $aSegn.: A-D8 650 4$aCongregazioni e confraternite religiose - Sec. 16-18.$0(OLS)http://semarc/subject/45274 700 1 $aMeda, Giacomo Maria,$c.$0(OLS)http://semarc/name/111233 752 $aIT$dMilano 850 $aSeMil 852 $aSeMil$W1$xVenegono$y1$m3Z I 10/11 FA$j219533$B231744$CSeMilBibl$Z2$F231744 $8I 941 1 $a10 996 $6245$aOfficio, capitoli, et indulgenze della Compagnia del Santissimo Nome di Dio, ordinata per il R. P. Paolino da Luca, dell'Ordine de Predicatori, con l'aggiunta d'una operetta contro il vizio della bestemmia, maleditione, spergiuro, ...Di nuovo ristampata ad istanza de' fratelli ... eretta nella Chiesa di Santo Ambrosio del loco di Merate ...$9(OLS)http://semarc/title/429736 996 $6264$aIn Milano :$bAppresso Giacomo Maria Meda$9(OLS)http://semarc/publisher/59033 LEADER 01480nas a2200253 i 4500 001 000000002920 003 CaOOAMICUS 005 20210513141542.0 008 180830d19481967xxcar p u0 0fre r 022 $a0316-5337 040 $aSeMil$bita 245 00$aSciences Ecclesiastiques. 260 $aMontréal :$bLes Editions de l'Immaculée Conception,$c1948-1967. 310 $aAnnuale 362 0 $a1948-1967 510 4 $aCod. rivista ACNP:$cP 00058475 700 1 $aFaculté de Theologie et de Philosophie, Montreal.$0(OLS)http://semarc/name/2296 785 00$tScience et Esprit.$dOttawa : [s.n.]$x0316-5345$w()2918 850 $aSeMil 852 $aSeMil$W1$xVenegono$y1$pCliccare per visualizzare collocazione e posseduto cumulativo

Cliccare per visualizzare eventuali spogli (alla eventuale voce ?Indici? in fondo di pagina)$B236125$CSeMilBibl$Z2$F236125 $85 996 $6022$a0316-5337$9(OLS)http://semarc/number/292714 996 $6245$aSciences Ecclesiastiques$9(OLS)http://semarc/title/4943 996 $6260$aMontréal :$bLes Editions de l'Immaculée Conception$9(OLS)http://semarc/publisher/30961